日本の在留外国人人口(2024末) - Statistics

General Stats
  • This quiz has been taken 19 times
  • The average score is 17 of 20
Answer Stats
人口数 % 国名 % Correct
409,851 25.7% 中華人民共和国
100%
210,528 13.2% ベトナム
100%
167,593 10.5% 大韓民国
100%
67,065 4.2% インドネシア
100%
35,103 2.2% アメリカ合衆国
100%
28,351 1.8% インド
100%
112,958 7.1% ネパール
93%
21,458 1.3% タイ
93%
134,815 8.4% フィリピン
86%
114,080 7.1% ブラジル
86%
35,101 2.2% 台湾
86%
11,765 0.7% イギリス
86%
10,662 0.7% フランス
86%
58,676 3.7% ミャンマー
71%
19,444 1.2% スリランカ
71%
13,966 0.9% バングラデシュ
71%
8,999 0.6% パキスタン
71%
20,789 1.3% ペルー
57%
8,870 0.6% モンゴル
50%
9,297 0.6% 朝鮮
43%
No matching quizzes found
Score Distribution
Percent of People with Each Score
Percentile by Number Answered
Your Score History
You have not taken this quiz